000 00770nam a2200253Ia 4500
003 OSt
005 20220928121551.0
006 a|||||r|||| 00| 0
007 ta
008 220927b |||||||| |||| 00| 0 eng d
020 _c2541
024 _a109830
037 _b141, 27/10/2010, Pioneer Book Distributors
_cTextual
040 _aSDCL
_cSDCL
_beng
041 _2eng
_aeng
082 _aR3:(N), Q0
100 _aLamarque Peter
_9445680
245 0 _aWork and object
_b Explorations in the metaphysics of arts.
260 _aOxford
_bOxford University Press
_c2010
300 _axiii,248p.
_ccm.
650 _aPhilosophy
942 _hR3:(N), Q0
_cTEXL
_2CC
999 _c767081
_d767081